000 00391nam a2200169Ia 4500
008 230524s9999 xx 000 0 und d
020 _a9788120349391
082 _a629.8
_bANA
100 _aA.Anand Kumar
245 0 _aControl Systems
250 _a2
260 _aNew Delhi
_bPHI
_c2014
300 _a"1,872p;"
500 _aQuantity Number: 10
650 _aElectrical
942 _cBK
999 _c54570
_d54570